00000000nam 2200000zi 4500
0019.953848
003CaOODSP
00520250819151140
006m     o  d f      
007cr cn|||||||||
008250806e20250128onca    o    f000 0 eng d
040 |aCaOODSP|beng|erda|cCaOODSP
043 |an-cn---
0861 |aT33-51/2025E-PDF
24500|aCanadian rail operating rules.
264 1|a[Ottawa] : |b[Transport Canada], |cJanuary 28, 2025.
300 |a1 online resource (106 pages) : |billustrations
336 |atext|btxt|2rdacontent
337 |acomputer|bc|2rdamedia
338 |aonline resource|bcr|2rdacarrier
500 |aCover title.
500 |aIssued also in French under title: Règlement d'exploitation ferroviaire du Canada.
520 |a"The official version of the Canadian rail operating rules (CROR), in its entirety, applies to all railway companies. Certain railway companies may not, as a practical matter, perform each and every activity that the CROR governs. In this case, for greater employee clarity, the railway company's rule book must contain the rules that govern activities they do perform"--Page 2.
650 0|aRailroads|xSafety regulations|zCanada.
650 0|aEmployee rules|zCanada.
7101 |aCanada. |bTransport Canada, |eissuing body.
77508|tRèglement d'exploitation ferroviaire du Canada.|w(CaOODSP)9.954270
85640|qPDF|s1.69 MB|uhttps://publications.gc.ca/collections/collection_2025/tc/T33-51-2025-eng.pdf
8564 |qHTML|sN/A|uhttps://tc.canada.ca/en/rail-transportation/rules/2024-2025/canadian-rail-operating-rules